Регионална библиотека "Любен Каравелов" - Русе

За фантастичното в късния немски романтизъм (Запис номер 149276)

MARC детайли
000 -Лидер
Контролно поле с фиксирана дължина nam a22 a 4500
003 - Код на организацията, давaща контролен номер
Контролно поле BLK
005 - Дата и час на последна редакция
Контролно поле 20230410125825.0
008 - Елементи от данни с фиксирана дължина
fixed length control field 180410b bul|||||r ||||||| ||bul||
010 ## - Наследен системен номер
LC control number KNG00155530000
020 ## - Международен стандартен номер на книга ISBN
Международен стандартен номер на книга ISBN 954-8014-04-1
040 ## - Източник на каталожния запис
Идентификатор на билиотеката - собственик на записа BLK
041 ## - Код за език
Код за езика на текст/звукозапис или на отделно заглавие Български
Код за езика КДБФ Български
080 ## - УДК
Текстов определител УДК Немска литература
УДК код - определител по УДК 821.112.2
УДК определител .01
УДК - код + определител 821.112.2.01
100 1# - Редна дума - Автор
Автор Борисова, Багрелия
Авторска отговорност първи автор
R(LIN) 365990
139 ## - Редно поле
Редна дума Борисова, Багрелия
Авторски знак Борд - Б 65
245 10 - Сведения за заглавието
Заглавие За фантастичното в късния немски романтизъм
Подзаглавни данни Изследване
Редно поле (дума) Багрелия Борисова.
257 ## - Страна на издаване
Страна на създаване/издаване България
260 ## - Област на издателските данни
Място на издаване, разпространение и проч. София
Име на издателя, разпространителя и проч. ЗАГЕР
Година на издаване 1993
300 ## - Физическа характеристика
Страници 144 с.
Размери/Мащаб 20 см
380 ## - Жанр
Жанр Литературознание
500 ## - Общи забележки
Забележка Библиогр. с. 142-143
650 #4 - Допълнително описание по предмет – тема
Основно описание – тема или топоним Немска литература - стилове - романтизъм
9 (RLIN) 280691
650 #4 - Допълнително описание по предмет – тема
Основно описание – тема или топоним Романтизъм в литературата
9 (RLIN) 269876
653 ## - Ключова дума – ненормативна
Ключова дума немска литература
653 ## - Ключова дума – ненормативна
Ключова дума романтизъм
653 ## - Ключова дума – ненормативна
Ключова дума фантастика
852 ## - Местоположение
Форматна сигнатура Цб 172742
Фондова буква Хранилище
856 4# - Електронен адрес и достъп
Електронен формат pdf - файл
Инструкция (цена за достъп) 0.00
Права за достъп disable
856 4# - Електронен адрес и достъп
Електронен формат pdf - файл
Инструкция (цена за достъп) 0.00
Права за достъп disable
999 ## - СИСТЕМНИ КОНТРОЛНИ НОМЕРА
Koha biblionumber 149276
Koha biblioitemnumber 149276
942 ## - АРТИКУЛИ
Вид на библиотечния материал Книги
Скрит в OPAC Не
Периодичен библиозапис Да
944 ## - СЪЗДАВАНЕ И РЕДАКЦИЯ на ЗАПИСА
Създаване/Редакция Създаване
Дата на регистрацията/редакция 11.01.2014
Статус, дата на статуса 11.01.2014 - от С1,Р / 11.01.2014
Служител, извършил регистрацията/редакцията Кети_Илиева
944 ## - СЪЗДАВАНЕ И РЕДАКЦИЯ на ЗАПИСА
Създаване/Редакция Редакция
Дата на регистрацията/редакция 29.09.2017
Статус, дата на статуса 11.01.2014 - от С1,Р / 11.01.2014
Служител, извършил регистрацията/редакцията Геновева_Генчева
999 ## - СИСТЕМНИ КОНТРОЛНИ НОМЕРА
Koha biblioitemnumber 149276
Наличности
Код за отписване Код за изгубен артикул Източник на класификационната схема Код за повреда Коз за рестрикции Код за отдаване Артикулен № Име на библиотеката - собственик Име на библиотеката, в която се намира в момента Статус (Текущо местоположение) Дата на вписване в системата Местоположение - отдел Цена в лева Инвентарен номер Систематично азбучна сигнатура Баркод Номер на екземпляра Цена в евро Служебна бележка Служебен тип на артикула
  Не е изгубен Universal Decimal Classification Не е повреден без рестрикции ползва се в читалня 249148 Регионална библиотека "Любен Каравелов" Русе Регионална библиотека "Любен Каравелов" Русе Хранилище 1993-01-01 Хранилище 0.53 577766 Цб 172742 120000577766 1 0.27 Вид: Сф Дата: 01.01.1993 Книги
Изтеглен Не е изгубен Universal Decimal Classification Не е повреден без рестрикции заемане за дома 249149 Регионална библиотека "Любен Каравелов" Русе Регионална библиотека "Любен Каравелов" Русе Заемна - подръчен фонд 1993-01-01 Заемна - подръчен фонд 1.05 625677 П 830/Б 65 625677 2 0.54 Вид: Сф Дата: 01.01.1993 Дата инв: 08.02.2018 Бележки инв: П2018 Книги
Vip Innovations Ltd, Rousse, Bulgaria 2025